[Event "Belgrade-chT Quality"]
[Site "Belgrade"]
[Date "2022.10.05"]
[Round "5.4"]
[White "Skaric, Djuro"]
[Black "Strugnell, Carl"]
[Result "1/2-1/2"]
[WhiteElo "2333"]
[BlackElo "2189"]
[PlyCount "51"]
[EventDate "2022.10.01"]
[EventType "team-tourn"]
[EventRounds "11"]
[EventCountry "SRB"]
[SourceTitle "CBM 210 Extra"]
[Source "ChessBase"]
[SourceDate "2022.11.30"]
[SourceVersion "1"]
[SourceVersionDate "2022.11.30"]
[SourceQuality "1"]
[WhiteTeam "Belgrade Mirijevo"]
[BlackTeam "Belgrade Radnicki"]
[WhiteTeamCountry "SRB"]
[BlackTeamCountry "SRB"]

1. e4 e5 2. Nf3 Nf6 3. Nc3 Nc6 4. Bb5 Nd4 5. Ba4 c6 6. d3 d6 7. Nxd4 exd4 8. Ne2 Qa5+ 9. c3 dxc3 10. bxc3 d5 11. e5 Nd7 12. d4 Nb6 13. Bc2 Be7 14. 0-0 Nc4 15. Qd3 g6 16. Ng3 h5 17. f4 h4 18. f5 hxg3 19. fxg6 gxh2+ 20. Kh1 Be6 21. gxf7+ Kd7 22. Rf3 Rh4 23. Qg6 Rg4 24. Qh7 Rh4 25. Qg6 Rg4 26. Qh7 1/2-1/2

[Event "Belgrade Serbia op"]
[Site "Belgrade"]
[Date "2021.07.08"]
[Round "9"]
[White "Nikolovski, Nikola"]
[Black "Strugnell, Carl"]
[Result "1/2-1/2"]
[WhiteElo "2438"]
[BlackElo "2229"]
[PlyCount "47"]
[EventDate "2021.07.02"]
[EventType "swiss"]
[EventRounds "9"]
[EventCountry "SRB"]
[SourceTitle "EXT 2022"]
[Source "ChessBase"]
[SourceDate "2021.10.06"]
[SourceVersion "1"]
[SourceVersionDate "2021.10.06"]
[SourceQuality "1"]

1. f4 g6 2. Nf3 Bg7 3. e3 c5 4. Be2 d6 5. 0-0 Nc6 6. e4 e6 7. d3 Nge7 8. c3 0-0 9. Na3 Rb8 10. Nc2 f5 11. Qe1 b6 12. Be3 e5 13. Qh4 Qe8 14. Rf2 Nd8 15. Rff1 Ne6 16. Ng5 Nxg5 17. fxg5 Qa4 18. Na3 d5 19. d4 dxe4 20. Bb5 Qa5 21. Bc4+ Kh8 22. dxe5 Ba6 23. g4 Bxc4 24. Nxc4 1/2-1/2

[Event "Belgrade Serbia op"]
[Site "Belgrade"]
[Date "2021.07.07"]
[Round "8"]
[White "Strugnell, Carl"]
[Black "Karacsonyi, Kata"]
[Result "1-0"]
[WhiteElo "2229"]
[BlackElo "2107"]
[PlyCount "109"]
[EventDate "2021.07.02"]
[EventType "swiss"]
[EventRounds "9"]
[EventCountry "SRB"]
[SourceTitle "EXT 2022"]
[Source "ChessBase"]
[SourceDate "2021.10.06"]
[SourceVersion "1"]
[SourceVersionDate "2021.10.06"]
[SourceQuality "1"]

1. e4 c5 2. Nf3 d6 3. d4 cxd4 4. Nxd4 Nf6 5. Nc3 a6 6. Be3 e5 7. Nf3 Be7 8. Nd2 Be6 9. Nc4 b5 10. Nb6 Ra7 11. Nbd5 Rb7 12. a3 Bxd5 13. Nxd5 0-0 14. g3 Nxe4 15. Bg2 f5 16. Bxe4 fxe4 17. Qg4 Nd7 18. Qxe4 Rb8 19. h4 Kh8 20. 0-0-0 Nf6 21. Nxf6 Rxf6 22. Rd5 a5 23. Rhd1 Qc7 24. Qd3 b4 25. Rd2 e4 26. Qb3 Rff8 27. a4 Rfe8 28. Bf4 Rbd8 29. Qe3 Qc6 30. Qb3 Qc7 31. Kd1 Bf8 32. Qe3 Qc6 33. b3 Qa6 34. Qe2 Qc6 35. Ke1 Re6 36. Kf1 Be7 37. Qg4 Rg6 38. Qf5 Qa6+ 39. Kg2 e3 40. fxe3 Bxh4 41. Rxa5 Qc6+ 42. Qd5 Qc8 43. Rb5 Bf6 44. Rf2 Bc3 45. Rb6 Be5 46. Rxb4 Re8 47. Rc4 Qd8 48. Re4 Rge6 49. a5 Qc8 50. b4 h6 51. c4 Qc7 52. a6 Rg6 53. Bxe5 dxe5 54. b5 Qe7 55. Qf7 1-0

[Event "Belgrade-chT"]
[Site "Belgrade"]
[Date "2020.10.08"]
[Round "5.1"]
[White "Strugnell, Carl"]
[Black "Skaric, Djuro"]
[Result "0-1"]
[WhiteElo "2258"]
[BlackElo "2296"]
[PlyCount "46"]
[EventDate "2020.10.04"]
[EventType "team-tourn"]
[EventRounds "9"]
[EventCountry "SRB"]
[SourceTitle "EXT 2022"]
[Source "ChessBase"]
[SourceDate "2021.10.06"]
[SourceVersion "1"]
[SourceVersionDate "2021.10.06"]
[SourceQuality "1"]
[WhiteTeam "MZ Cirilo i Metodije"]
[BlackTeam "Mirjevo"]
[WhiteTeamCountry "SRB"]
[BlackTeamCountry "SRB"]

1. e4 e6 2. d4 d5 3. Nc3 Nf6 4. e5 Nfd7 5. f4 c5 6. Nf3 Nc6 7. Be3 Be7 8. Be2 a6 9. 0-0 b5 10. Qd2 0-0 11. Nd1 f6 12. c3 Rb8 13. Nf2 b4 14. c4 fxe5 15. cxd5 exd5 16. dxe5 d4 17. Nh3 Nb6 18. Bf2 Bxh3 19. gxh3 Qd7 20. h4 Rbd8 21. Ng5 h6 22. Ne4 Qf5 23. Qc2 Kh8 0-1

[Event "Belgrade-chT"]
[Site "Belgrade"]
[Date "2019.10.01"]
[Round "8.4"]
[White "Strugnell, Carl"]
[Black "Damjanovic, Vuk"]
[Result "1-0"]
[WhiteElo "2213"]
[BlackElo "2286"]
[PlyCount "44"]
[EventDate "2019.09.23"]
[EventType "team-tourn"]
[EventRounds "11"]
[EventCountry "SRB"]
[SourceTitle "EXT 2020"]
[Source "ChessBase"]
[SourceDate "2019.10.17"]
[SourceVersion "1"]
[SourceVersionDate "2019.10.17"]
[SourceQuality "1"]
[WhiteTeam "MZ Cirilo i Metodije"]
[BlackTeam "Grocka"]
[WhiteTeamCountry "SRB"]
[BlackTeamCountry "SRB"]

1. e4 c6 2. d4 d5 3. e5 Bf5 4. Nf3 e6 5. Be2 Be7 6. 0-0 h5 7. c4 dxc4 8. Bxc4 Nd7 9. Nc3 g5 10. Bd3 Nh6 11. Ne4 g4 12. Nfg5 Bxe4 13. Nxe4 Nf5 14. f3 Qb6 15. Nc5 Bxc5 16. dxc5 Qxc5+ 17. Rf2 0-0-0 18. b4 Qxb4 19. Rb1 Qc5 20. Qb3 Nb6 21. Bxf5 exf5 22. Be3 Qxe5 1-0

[Event "Paracin Summer op-A 12th"]
[Site "Paracin"]
[Date "2019.07.09"]
[Round "6"]
[White "Tanishka, Kotia"]
[Black "Strugnell, Carl"]
[Result "0-1"]
[WhiteElo "1942"]
[BlackElo "2248"]
[PlyCount "136"]
[EventDate "2019.07.05"]
[EventType "swiss"]
[EventRounds "9"]
[EventCountry "SRB"]
[SourceTitle "EXT 2020"]
[Source "ChessBase"]
[SourceDate "2019.10.17"]
[SourceVersion "1"]
[SourceVersionDate "2019.10.17"]
[SourceQuality "1"]

1. e4 e5 2. Nf3 Nc6 3. Bb5 a6 4. Ba4 Nf6 5. d4 exd4 6. e5 Ne4 7. 0-0 Nc5 8. Bxc6 dxc6 9. Nxd4 Be7 10. Be3 0-0 11. Nd2 f5 12. f4 Qe8 13. Rf3 Ne6 14. Rg3 c5 15. Nxe6 Bxe6 16. Nf3 Rd8 17. Qe2 h6 18. Nd2 Kh7 19. Rh3 g6 20. Nf3 Kg7 21. Rg3 Qc6 22. h4 Kh7 23. Rh3 Rg8 24. Nh2 Rd7 25. Nf3 Qe4 26. Rh1 Rgd8 27. Re1 Bxa2 28. h5 Qc6 29. hxg6+ Qxg6 30. b3 Rg8 31. Rh2 c4 32. Qxc4 b5 33. Qe2 Qc6 34. Ra1 Rgd8 35. Kf2 Bc5 36. e6 Bxe3+ 37. Qxe3 Qxc2+ 38. Kf1 Rd1+ 39. Rxd1 Rxd1+ 40. Ne1 Qxb3 41. Qe2 Qb1 42. Kf2 Rxe1 43. Qxe1 Qxe1+ 44. Kxe1 Bxe6 45. g3 c6 46. Re2 Bd5 47. Re7+ Kg6 48. Ra7 b4 49. Rxa6 b3 50. Kd2 Kh5 51. Ra7 Kg4 52. Rg7+ Kf3 53. Kc3 c5 54. Rg6 c4 55. Rg7 Be4 56. Rg6 Bd3 57. Rg7 Be2 58. Rg6 Bf1 59. Rg8 Be2 60. Rg7 h5 61. Re7 Kf2 62. Rg7 Bg4 63. Kxc4 Kxg3 64. Kxb3 h4 65. Rh7 h3 66. Kc3 h2 67. Rxh2 Kxh2 68. Kd4 Kg3 0-1

[Event "Olympiad-43"]
[Site "Batumi"]
[Date "2018.10.04"]
[Round "10.1"]
[White "Al Hajiri, Bader"]
[Black "Strugnell, Carl"]
[Result "1/2-1/2"]
[WhiteElo "2112"]
[BlackElo "2327"]
[PlyCount "171"]
[EventDate "2018.09.24"]
[EventType "team-swiss"]
[EventRounds "11"]
[EventCountry "GEO"]
[SourceTitle "CBM 187"]
[Source "ChessBase"]
[SourceDate "2018.12.11"]
[SourceVersion "1"]
[SourceVersionDate "2018.12.11"]
[SourceQuality "1"]
[WhiteTeam "Kuwait"]
[BlackTeam "Wales"]
[WhiteTeamCountry "KUW"]
[BlackTeamCountry "WLS"]

1. e4 c5 2. Nf3 e6 3. d4 cxd4 4. Nxd4 Nf6 5. Bd3 Nc6 6. Nf3 Qc7 7. Qe2 d5 8. exd5 Nxd5 9. 0-0 Nf4 10. Bxf4 Qxf4 11. Nc3 Be7 12. Rad1 a6 13. Be4 Qc7 14. Qc4 Bd7 15. Rd2 0-0 16. Rfd1 Be8 17. Nd4 b5 18. Qd3 g6 19. a4 Rd8 20. Bxc6 Bxc6 21. axb5 axb5 22. Ncxb5 Qb7 23. Qf1 Bg5 24. f4 Bxf4 25. Qxf4 Bxb5 26. Qf6 Rd5 27. Kh1 Bd7 28. c4 Rh5 29. Qe7 Qb8 30. Nf3 Be8 31. Rd8 Qb3 32. R1d7 Rf5 33. Rxe8 Rxe8 34. Qxe8+ Kg7 35. Qa8 g5 36. Qe4 Qxb2 37. Qxe6 Qc1+ 38. Ng1 Rf1 39. Qe5+ Kg6 40. Qd4 Rf4 41. Qd3+ Kh6 42. g3 Rf1 43. Qd4 f6 44. c5 Qe1 45. Kg2 Rxg1+ 46. Qxg1 Qe4+ 47. Kf1 Qb1+ 48. Kf2 Qf5+ 49. Ke3 Qxd7 50. Qc1 Qe6+ 51. Kd4 Qe5+ 52. Kc4 Qe4+ 53. Kb3 Qb7+ 54. Kc2 Qe4+ 55. Kb3 Qb7+ 56. Ka2 Qd5+ 57. Ka3 Qa8+ 58. Kb2 Qb7+ 59. Kc3 Qf3+ 60. Kd4 Qg4+ 61. Ke3 Qe6+ 62. Kf2 Qc6 63. Qc4 Kg7 64. Qc2 h5 65. Qf5 Kf8 66. Ke3 Ke7 67. Qh7+ Ke6 68. Qg8+ Ke7 69. Qc4 Qe6+ 70. Kd3 Qxc4+ 71. Kxc4 f5 72. Kd5 h4 73. gxh4 gxh4 74. Ke5 Kd7 75. Kxf5 Kc6 76. Kg4 Kxc5 77. Kxh4 Kd6 78. Kg5 Ke7 79. Kg6 Kf8 80. Kh7 Kf7 81. h4 Kf8 82. h5 Kf7 83. h6 Kf8 84. Kg6 Kg8 85. h7+ Kh8 86. Kh6 1/2-1/2

[Event "Olympiad-43"]
[Site "Batumi"]
[Date "2018.10.03"]
[Round "9.1"]
[White "Strugnell, Carl"]
[Black "Tissir, Mohamed"]
[Result "0-1"]
[WhiteElo "2327"]
[BlackElo "2388"]
[PlyCount "82"]
[EventDate "2018.09.24"]
[EventType "team-swiss"]
[EventRounds "11"]
[EventCountry "GEO"]
[SourceTitle "CBM 187"]
[Source "ChessBase"]
[SourceDate "2018.12.11"]
[SourceVersion "1"]
[SourceVersionDate "2018.12.11"]
[SourceQuality "1"]
[WhiteTeam "Wales"]
[BlackTeam "Morocco"]
[WhiteTeamCountry "WLS"]
[BlackTeamCountry "MAR"]

1. e4 c5 2. Nf3 d6 3. d4 cxd4 4. Nxd4 Nf6 5. Nc3 e6 6. g4 a6 7. g5 Nfd7 8. Be3 b5 9. a3 Bb7 10. Qd2 Nb6 11. 0-0-0 N8d7 12. f4 Rc8 13. h4 Nc5 14. Bd3 Nc4 15. Bxc4 bxc4 16. Qg2 Qb6 17. Rh3 Rb8 18. g6 hxg6 19. Nxe6 Qxb2+ 20. Kd2 Nb3+ 21. Ke1 Qxc3+ 22. Kf1 Qa5 23. cxb3 fxe6 24. Qxg6+ Kd7 25. e5 Bd5 26. Qf7+ Kc6 27. bxc4 Bxc4+ 28. Kg1 Qc7 29. Qg6 Rh6 30. Qc2 d5 31. Qa4+ Rb5 32. f5 Bc5 33. Qxa6+ Kd7 34. Kh1 Bxe3 35. Rxe3 Rxh4+ 36. Kg1 Rg4+ 37. Kh1 Rh4+ 38. Kg1 Qb6 39. fxe6+ Kxe6 40. Qc8+ Ke7 41. Rde1 Qg6+ 0-1

[Event "Olympiad-43"]
[Site "Batumi"]
[Date "2018.09.26"]
[Round "3.46"]
[White "Strugnell, Carl"]
[Black "Hague, Ben"]
[Result "0-1"]
[WhiteElo "2327"]
[BlackElo "2405"]
[PlyCount "60"]
[EventDate "2018.09.24"]
[EventType "team-swiss"]
[EventRounds "11"]
[EventCountry "GEO"]
[SourceTitle "CBM 187"]
[Source "ChessBase"]
[SourceDate "2018.12.11"]
[SourceVersion "1"]
[SourceVersionDate "2018.12.11"]
[SourceQuality "1"]
[WhiteTeam "Wales"]
[BlackTeam "New Zealand"]
[WhiteTeamCountry "WLS"]
[BlackTeamCountry "NZL"]

1. e4 c5 2. Nf3 Nc6 3. d4 cxd4 4. Nxd4 e5 5. Nb5 d6 6. N1c3 a6 7. Na3 Be7 8. Nc4 b5 9. Ne3 Nf6 10. Bd3 0-0 11. 0-0 Rb8 12. a4 Nb4 13. Be2 Bb7 14. axb5 axb5 15. Nxb5 Bxe4 16. Ra4 d5 17. c3 Nc6 18. f3 Bg6 19. f4 exf4 20. Raxf4 Re8 21. Kh1 Bc5 22. Nf5 Qd7 23. Nxg7 Kxg7 24. Rxf6 d4 25. Bg4 Qb7 26. Bf3 Qxb5 27. Bxc6 Qe2 28. Qa4 Re6 29. Bg5 Rxb2 30. cxd4 Be7 0-1

[Event "Olympiad-43"]
[Site "Batumi"]
[Date "2018.09.24"]
[Round "1.23"]
[White "Strugnell, Carl"]
[Black "Anton Guijarro, David"]
[Result "0-1"]
[WhiteElo "2327"]
[BlackElo "2639"]
[PlyCount "66"]
[EventDate "2018.09.24"]
[EventType "team-swiss"]
[EventRounds "11"]
[EventCountry "GEO"]
[SourceTitle "CBM 187"]
[Source "ChessBase"]
[SourceDate "2018.12.11"]
[SourceVersion "1"]
[SourceVersionDate "2018.12.11"]
[SourceQuality "1"]
[WhiteTeam "Wales"]
[BlackTeam "Spain"]
[WhiteTeamCountry "WLS"]
[BlackTeamCountry "ESP"]

1. e4 e5 2. Nf3 Nc6 3. Bb5 a6 4. Ba4 Nf6 5. 0-0 Be7 6. Re1 b5 7. Bb3 d6 8. c3 0-0 9. d4 Bg4 10. Be3 exd4 11. cxd4 d5 12. e5 Ne4 13. h3 Bh5 14. Nbd2 Nxd2 15. Qxd2 Bxf3 16. Qc3 Rb8 17. gxf3 Qd7 18. Rec1 Rb6 19. f4 Qxh3 20. Qxc6 Rxc6 21. Rxc6 g5 22. f5 Qxf5 23. Bxd5 g4 24. Re1 Bg5 25. Rxc7 g3 26. fxg3 Bxe3+ 27. Rxe3 Qb1+ 28. Kf2 Qxb2+ 29. Kf3 Qxd4 30. Rd7 Kh8 31. g4 f5 32. g5 Qg4+ 33. Kf2 f4 0-1

[Event "Belgrade-chT Quality"]
[Site "Belgrade"]
[Date "2018.09.20"]
[Round "4.1"]
[White "Strugnell, Carl"]
[Black "Rapport, Richard"]
[Result "0-1"]
[WhiteElo "2327"]
[BlackElo "2723"]
[PlyCount "170"]
[EventDate "2018.09.17"]
[EventType "team-tourn"]
[EventRounds "11"]
[EventCountry "SRB"]
[SourceTitle "CBM 186 Extra"]
[Source "ChessBase"]
[SourceDate "2018.08.24"]
[SourceVersion "1"]
[SourceVersionDate "2018.08.24"]
[SourceQuality "1"]
[WhiteTeam "MZ Cirilo i Metodije"]
[BlackTeam "Rudovci Radnicki"]
[WhiteTeamCountry "SRB"]
[BlackTeamCountry "SRB"]

1. e4 c5 2. Nf3 e6 3. Nc3 a6 4. d4 cxd4 5. Nxd4 b5 6. Bd3 Qb6 7. Nf3 Qc7 8. 0-0 Bb7 9. Re1 Bc5 10. Qd2 Be7 11. b4 Nf6 12. a4 0-0 13. e5 Ng4 14. axb5 f5 15. h3 Bxf3 16. hxg4 Bxb4 17. Bb2 Bxg4 18. Nd5 Bxd2 19. Nxc7 Ra7 20. b6 Rb7 21. Bd4 Bxe1 22. Rxe1 Nc6 23. Bc5 Rfb8 24. Rb1 Rxc7 25. bxc7 Rxb1+ 26. Kh2 Rb8 27. cxb8Q+ Nxb8 28. Bd6 Nc6 29. Bxa6 Kf7 30. f4 Ke8 31. c3 Bd1 32. g3 Nd8 33. Kg2 Nf7 34. Bc5 Ba4 35. Kf2 Bc6 36. Be2 g6 37. Be3 Kf8 38. Kg1 Ke7 39. Bc5+ Kd8 40. Kf2 Kc7 41. Bf8 Nd8 42. Be7 Nb7 43. Ke3 Kb6 44. Kd4 Bg2 45. Bd3 Bf3 46. Ke3 Bc6 47. Kd4 Bb5 48. c4 Bc6 49. Be2 Bg2 50. Bb4 Nd8 51. Bc5+ Kb7 52. Bd6 Kc8 53. Ke3 Nc6 54. Bf8 Kd8 55. Bc5 Ke8 56. Kf2 Bh1 57. Bd3 g5 58. Be2 g4 59. Ke3 h5 60. Bd3 Nd8 61. Kf2 Nf7 62. Bb4 Nh8 63. Be2 Ng6 64. Ke3 Kd8 65. Be1 Bc6 66. Ba5+ Kc8 67. Be1 Kb7 68. Bf2 Kb6 69. Bd3 Kc5 70. Kd2+ Kb4 71. Ke3 Be4 72. Bxe4 fxe4 73. Kxe4 Ne7 74. Kd3 Nf5 75. Be1+ Kb3 76. Bf2 h4 77. gxh4 g3 78. Bb6 Nxh4 79. Ke2 Kxc4 80. Bd8 Nf5 81. Kf3 Kd3 82. Bb6 g2 83. Bg1 Ne7 84. Kxg2 Ke4 85. Kg3 Ng6 0-1

[Event "Belgrade-chT Quality"]
[Site "Belgrade"]
[Date "2018.09.18"]
[Round "2.1"]
[White "Budisavljevic, Luka"]
[Black "Strugnell, Carl"]
[Result "0-1"]
[WhiteElo "2317"]
[BlackElo "2327"]
[PlyCount "82"]
[EventDate "2018.09.17"]
[EventType "team-tourn"]
[EventRounds "11"]
[EventCountry "SRB"]
[SourceTitle "CBM 186 Extra"]
[Source "ChessBase"]
[SourceDate "2018.08.24"]
[SourceVersion "1"]
[SourceVersionDate "2018.08.24"]
[SourceQuality "1"]
[WhiteTeam "Bogoslov"]
[BlackTeam "MZ Cirilo i Metodije"]
[WhiteTeamCountry "SRB"]
[BlackTeamCountry "SRB"]

1. d4 Nf6 2. Nf3 e6 3. Bf4 d5 4. e3 c5 5. c3 Nc6 6. Nbd2 Bd6 7. Bg3 0-0 8. Bd3 b6 9. e4 Be7 10. e5 Nh5 11. Ng5 Bxg5 12. Qxh5 g6 13. Qe2 f5 14. f4 Be7 15. Nf3 a5 16. a3 c4 17. Bc2 b5 18. Bf2 Bd7 19. Rg1 Qb6 20. g4 Rab8 21. h4 b4 22. Kd2 fxg4 23. Rxg4 bxc3+ 24. bxc3 Qb2 25. Rb1 Qa2 26. Rgg1 Rxb1 27. Rxb1 Bxa3 28. Ng5 Nb4 29. cxb4 axb4 30. Kd1 Ba4 31. Rc1 b3 32. Qg4 bxc2+ 33. Ke2 Rf5 34. h5 Be8 35. hxg6 Bxg6 36. Qh4 Qb3 37. Kf1 Qd3+ 38. Kg2 Bxc1 39. Nxe6 Qe4+ 40. Kg3 Ba3 41. Qd8+ Bf8 0-1

[Event "Belgrade Summer IM-A 1st"]
[Site "Belgrade"]
[Date "2018.06.25"]
[Round "1"]
[White "Tadic, Stefan"]
[Black "Strugnell, Carl"]
[Result "0-1"]
[WhiteElo "2254"]
[BlackElo "2323"]
[PlyCount "110"]
[EventDate "2018.06.25"]
[EventType "tourn"]
[EventRounds "9"]
[EventCountry "SRB"]
[EventCategory "2"]
[SourceTitle "CBM 185 Extra"]
[Source "ChessBase"]
[SourceDate "2018.07.29"]
[SourceVersion "1"]
[SourceVersionDate "2018.07.29"]
[SourceQuality "1"]

1. e4 e5 2. Nf3 Nc6 3. d4 exd4 4. Nxd4 Bc5 5. Nxc6 Qf6 6. Qf3 bxc6 7. Nd2 a5 8. Nb3 Qxf3 9. gxf3 Be7 10. a4 Bf6 11. Bh3 Ne7 12. Ra2 Ng6 13. f4 Be7 14. 0-0 c5 15. Rd1 0-0 16. Bd2 c4 17. Nxa5 c3 18. Bxc3 Nxf4 19. Bf1 f5 20. e5 d5 21. Nc6 Bc5 22. b4 Bd7 23. Nd4 Ba7 24. Ne2 Ng6 25. Bg2 c6 26. b5 f4 27. Nd4 Bxd4 28. Bxd4 f3 29. Bf1 cxb5 30. a5 Rf4 31. c3 Ra6 32. Kh1 Ne7 33. Bc5 Ng6 34. Rxd5 Bc6 35. Rd8+ Kf7 36. e6+ Kxe6 37. Bh3+ Kf7 38. Rd6 Re4 39. Be3 Nf4 40. Bc8 Rxe3 41. Ra1 Rxa5 42. Rad1 Ba8 43. h4 Re7 44. R1d4 Ra4 45. Rxa4 bxa4 46. Ra6 Bb7 47. Bxb7 Rxb7 48. Rxa4 Ne2 49. c4 Rb1+ 50. Kh2 Rg1 51. Ra7+ Kg6 52. Kh3 Nf4+ 53. Kh2 Rg2+ 54. Kh1 Nd3 55. h5+ Kxh5 0-1

[Event "Djenovici TS02 GM"]
[Site "Djenovici"]
[Date "2018.02.18"]
[Round "2"]
[White "Strugnell, Carl"]
[Black "Tomic, Aleksandar1111"]
[Result "1/2-1/2"]
[WhiteElo "2330"]
[BlackElo "2359"]
[PlyCount "102"]
[EventDate "2018.02.17"]
[EventType "tourn"]
[EventRounds "9"]
[EventCountry "MNE"]
[EventCategory "6"]
[SourceTitle "CBM 183 Extra"]
[Source "ChessBase"]
[SourceDate "2018.04.19"]
[SourceVersion "1"]
[SourceVersionDate "2018.04.19"]
[SourceQuality "1"]

1. e4 c5 2. Nf3 e6 3. Nc3 a6 4. d4 cxd4 5. Nxd4 Qc7 6. Bd3 Nf6 7. f4 d6 8. Qf3 Nbd7 9. g4 h6 10. Rf1 b5 11. a3 Bb7 12. Be3 Rc8 13. Qg2 g6 14. f5 gxf5 15. gxf5 e5 16. Ne6 Qc6 17. Nxf8 Kxf8 18. 0-0-0 Qc7 19. Qd2 Ke7 20. Bxh6 Rcg8 21. Bg5 Rh3 22. Rg1 Rgh8 23. Rg2 Qc5 24. Ne2 Rxh2 25. Ng3 R2h3 26. Be2 Qb6 27. Bg4 R3h7 28. Bf3 Qc7 29. Qb4 Rh2 30. Rgd2 Rxd2 31. Qxd2 Ke8 32. Rh1 Rxh1+ 33. Bxh1 Qc5 34. Qh2 d5 35. exd5 Bxd5 36. b4 Qd4 37. Qh8+ Ke7 38. Bxd5 Qxd5 39. Qh4 Qf3 40. Kb2 Qc6 41. Ne4 Qb6 42. c3 Qc6 43. Kc2 Qb6 44. Qg3 Qc7 45. Qe3 Qc4 46. Kb2 Qd5 47. Nxf6 Nxf6 48. Qc5+ Kd7 49. Qa7+ Ke8 50. Bxf6 Qd2+ 51. Kb3 Qd1+ 1/2-1/2